[Event "AUT-chT2O 0405"]
[Site "Austria"]
[Date "2004.10.09"]
[Round "1.6"]
[White "Leber, Franz"]
[Black "Steiner, Johann"]
[Result "1/2-1/2"]
[WhiteElo "2119"]
[BlackElo "2051"]
[PlyCount "84"]
[EventDate "2004.10.09"]
[EventType "team-tourn"]
[EventRounds "11"]
[EventCountry "AUT"]
[SourceTitle "EXT 2005"]
[Source "ChessBase"]
[SourceDate "2004.11.15"]
[SourceVersion "1"]
[SourceVersionDate "2004.11.15"]
[SourceQuality "1"]
[WhiteTeam "Gols Raiba"]
[BlackTeam "Wien Austria"]
[WhiteTeamCountry "AUT"]
[BlackTeamCountry "AUT"]

1. d4 Nf6 2. Nf3 g6 3. c4 Bg7 4. Nc3 d6 5. e4 0-0 6. h3 e5 7. d5 Nbd7 8. Bg5 h6 9. Be3 Nc5 10. Nd2 a5 11. Qe2 Nh5 12. g3 f5 13. exf5 Bxf5 14. Bxc5 dxc5 15. Qe3 Nf6 16. Be2 b6 17. 0-0-0 Ne8 18. g4 Bd7 19. Nde4 Nd6 20. Bd3 Be8 21. h4 Qd7 22. Rdg1 Qf7 23. Nxd6 cxd6 24. Ne4 Rd8 25. h5 Qf4 26. Rg3 g5 27. Rhh3 Bd7 28. Be2 Bc8 29. Rf3 Qxe3+ 30. Rxe3 Rf4 31. Rhg3 Bf8 32. f3 Bd7 33. Bd1 Rb8 34. Ra3 Be7 35. Ba4 Bc8 36. Kd2 Ba6 37. Rc3 Kg7 38. Bd7 Bb7 39. Be6 Ba6 40. Bd7 Bb7 41. Rd3 Ba6 42. Rc3 Bb7 1/2-1/2